| 000 | 00817nam a2200229Ia 4500 | ||
|---|---|---|---|
| 003 | Ost | ||
| 005 | 20260507075125.0 | ||
| 008 | 260507s9999||||xx |||||||||||||| ||und|| | ||
| 020 | _a7181328977 | ||
| 040 | _cfsecg | ||
| 041 | _aara | ||
| 082 | _a330 | ||
| 100 |
_aالبسطوبي، ابراهيم أحمد _eمؤلف |
||
| 245 | 0 |
_aأحكام وديعة الصكوك / _c ابراهيم أحمد البسطوبي |
|
| 260 |
_aالإسكندرية: _bدار الجامعة الجديدة, _c2006 |
||
| 300 |
_a355 صفحة؛ _c25 سم |
||
| 520 | _aتكوين عقد وديعة الصكوك-أثار عقد وديعة الصكوك-في انتهاء عقد وديعة الصكوك | ||
| 653 | _aالإلتزام | ||
| 653 | _aخدمة الصكوك | ||
| 653 | _aوديعة الصكوك | ||
| 942 | _cكتاب | ||
| 999 |
_c43144 _d43144 |
||